Behavioural Finance (Record no. 8516)
[ view plain ]
| 000 -LEADER | |
|---|---|
| fixed length control field | 00362nam a22001457a 4500 |
| 003 - CONTROL NUMBER IDENTIFIER | |
| control field | OSt |
| 008 - FIXED-LENGTH DATA ELEMENTS--GENERAL INFORMATION | |
| fixed length control field | 200306b ||||| |||| 00| 0 eng d |
| 020 ## - INTERNATIONAL STANDARD BOOK NUMBER | |
| International Standard Book Number | 9789325984578 |
| 082 ## - DEWEY DECIMAL CLASSIFICATION NUMBER | |
| Classification number | 332.6019 |
| Item number | SHB |
| 100 ## - MAIN ENTRY--PERSONAL NAME | |
| Personal name | SHUCHITA Singh and SHILPA Bahl |
| 245 ## - TITLE STATEMENT | |
| Title | Behavioural Finance |
| 250 ## - EDITION STATEMENT | |
| Edition statement | 1st |
| Remainder of edition statement | 2016 |
| 260 ## - PUBLICATION, DISTRIBUTION, ETC. (IMPRINT) | |
| Place of publication, distribution, etc | New Delhi |
| Name of publisher, distributor, etc | Vikas Publishing House |
| 942 00 - ADDED ENTRY ELEMENTS (KOHA) | |
| Source of classification or shelving scheme | Dewey Decimal Classification |
| Withdrawn status | Lost status | Source of classification or shelving scheme | Damaged status | Not for loan | Collection code | Home library | Current library | Date acquired | Source of acquisition | Currency | Cost, normal purchase price | Bill Number | Total Checkouts | Full call number | Acc. no. / Barcode | Date last seen | Date last borrowed | Copy number | Actual Cost, discounted price | Bill Date | Koha item type | Checked out | Public note |
|---|---|---|---|---|---|---|---|---|---|---|---|---|---|---|---|---|---|---|---|---|---|---|---|
| Dewey Decimal Classification | MBA | PIET C-LIBRARY | PIET C-LIBRARY | 06/03/2020 | Kirti Praskshan | IN Rupees | 299.00 | IN 6411 | 1 | 332.6019 SIB | 31711 | 04/04/2024 | 21/03/2024 | 1 | 158.40 | 13/02/2020 | Text Books | ||||||
| Dewey Decimal Classification | MBA | PIET C-LIBRARY | PIET C-LIBRARY | 06/03/2020 | Kirti Praskshan | IN Rupees | 299.00 | IN 6411 | 332.6019 SHB | 31712 | 06/03/2020 | 2 | 158.40 | 13/02/2020 | Text Books | ||||||||
| Dewey Decimal Classification | MBA | PIET C-LIBRARY | PIET C-LIBRARY | 06/03/2020 | Kirti Praskshan | IN Rupees | 299.00 | IN 6411 | 3 | 332.6019 SIB | 31713 | 03/06/2022 | 20/05/2022 | 3 | 158.40 | 13/02/2020 | Text Books | ||||||
| Dewey Decimal Classification | MBA | PIET C-LIBRARY | PIET C-LIBRARY | 06/03/2020 | Kirti Praskshan | IN Rupees | 299.00 | IN 6411 | 1 | 332.6019 SIB | 31714 | 17/05/2022 | 11/05/2022 | 4 | 158.40 | 13/02/2020 | Text Books | ||||||
| Dewey Decimal Classification | MBA | PIET C-LIBRARY | PIET C-LIBRARY | 06/03/2020 | Kirti Praskshan | IN Rupees | 299.00 | IN 6411 | 2 | 332.6019 SHB | 31715 | 13/01/2024 | 13/01/2024 | 5 | 158.40 | 13/02/2020 | Text Books | 11/07/2024 | . |